| 000 | 004320000a22001570004500 | ||
|---|---|---|---|
| 005 | 20120302064853.0 | ||
| 942 | _cBOOK | ||
| 100 | _a Shah, Nagin G. | ||
| 245 | _a Jain Darshan Mein Shraddha( Samyagdarshan), Matidnyan Aur Kewaldnyan ki Vibhavana | ||
| 260 | _aAhmedabad:Jagruti Dilip Sheth , 2000 | ||
| 300 | _a70 p. | ||
| 040 | _ahin | ||
| 365 | _bRs. | ||
| 365 | _b0 /- | ||
| 650 | _aTatvadnyan / Jaindarshan / Samyagdarshan | ||
| 999 |
_c363297 _d363294 |
||